| 000 | 00651nam a22001937a 4500 | ||
|---|---|---|---|
| 003 | OSt | ||
| 005 | 20251105052437.0 | ||
| 008 | 251105b |||||||| |||| 00| 0 eng d | ||
| 020 | _a 978-621-427-069-9 | ||
| 040 |
_aDWCL-Main lib _cOC |
||
| 082 | _aFil. 658.802 S487e 2019 | ||
| 100 | _aSerrano, Angelita Ong Camilar | ||
| 245 |
_aEssentials of marketing/ _cAngelita Ong Camilar-Serrano |
||
| 260 |
_aManila, Philippines : _bUnlimited books services & publishing, _cc2019. |
||
| 300 |
_ax, 210 pages : _billustrations ; _c25cm. |
||
| 504 | _aIncludes bibliographical references | ||
| 650 | _a1. Marketing | ||
| 942 |
_2ddc _cBK - FIL _kFil. _n0 |
||
| 999 |
_c5482 _d5482 |
||